000 00357nam a2200133Ia 4500
005 20260328104343.0
008 260328s9999||||xx |||||||||||||| ||und||
100 _aMayo, Julia
245 0 _aEl Caño :
_b Memoria de excavación campañas 2008 a 2011 y 2013 a 2017 /
_cJulia Mayo
260 _bSENACYT
300 _a251 p.
650 _aPANAMÁ
942 _cBK
999 _c12194
_d12194